| 000 | 00402nam a2200121Ia 4500 | ||
|---|---|---|---|
| 008 | 211119s9999||||xx |||||||||||||| ||und|| | ||
| 082 |
_a894.8123 _bPAD-T |
||
| 100 | _aPadmarajan, P | ||
| 245 | 0 | _aThoovanathumbikalum Mattu Thirakathakalum | |
| 260 |
_bD c Books _aKottayam _c2010 |
||
| 650 |
_aMalayalam Literature _vMalayalam FictionMalayalam NovelsShort StoriesMalayalam _xGeneral Stack |
||
| 942 | _cBOOK | ||
| 999 |
_c110799 _d110799 |
||